Apple & knife

Bibliographic Details
Main Author: Paramaditha, Intan
Format: Book
Published: London : Vintage , 2019
Subjects:

MARC

LEADER 00000cam a2200000 7i4500
001 0000278489
005 20201125154920.0
020 |a 9781784709792 
090 0 |a F   |b PAR 
100 1 |a Paramaditha, Intan 
245 1 0 |a Apple & knife   |c Intan Paramaditha 
260 |a London :   |b Vintage ,   |c 2019 
300 |a 187p. ;   |c 20cm. 
650 0 |a Fiction 
999 |a 00385820   |b BUKU   |c PINJAMAN   |e PERPUSTAKAAN KOMUNITI PETALING JAYA